000 00719nam a2200241Ia 4500
003 OSt
005 20220923222941.0
006 a|||||r|||| 00| 0
007 ta
008 220922b |||||||| |||| 00| 0 hin d
024 _a208,981
037 _cTextual
040 _aARTS
_cARTS
_bhin
041 _2hin
_ahin
082 _aO152,3N495x, M6
100 _aवशिष्ठ, सुदर्शन
_9156271
245 0 _aपिंजरा
246 _aPianjarā
260 _aनई दिल्ली
_b प्रवीन प्रका0
_c1986
300 _a119पृ.
_ccm.
942 _hO152,3N495x, M6
_cTEXL
_2CC
999 _c359568
_d359568